Country flags with orange - Statistics

General Stats
  • This quiz has been taken 17 times
  • The average score is 4 of 10
Answer Stats
Hint Answer % Correct
2 Bhutan
59%
1 India
59%
5 Ireland
59%
6 Ivory Coast
53%
7 Niger
47%
9 Sri Lanka
35%
4 Armenia
29%
3 Cyprus
29%
8 Marshall Islands
24%
10 Zambia
24%
No matching quizzes found
Score Distribution
Percent of People with Each Score
Percentile by Number Answered
Your Score History
You have not taken this quiz